6 minute mental maths challenge - Statistics

General Stats
  • This quiz has been taken 1,265 times
    1,259 since last reset
  • The average score is 23 of 26
Answer Stats
Question Answer % Correct
14 x 6 84
98%
8 x ? = 104 13
95%
76 + 67 143
95%
(7 x 4)/14 2
95%
39 / 13 3
95%
5 x 0.8 4
95%
363 / 3 121
94%
50 x 2 x 0.5 50
94%
987 - 15 972
94%
35 x 3 105
93%
784 - 59 725
92%
48 x 4 192
91%
27 / 0.5 54
91%
322 - 90 232
90%
7 x 3 x 3 63
90%
9 x 14 126
88%
70.3 - 3.5 66.8
88%
0.6 x 0.9 0.54
87%
(230 x 2) / 10 46
87%
76 x 0.5 38
86%
0.12 / 0.4 0.3
84%
295 - ? = 141 154
84%
87 + 651 738
84%
8807 - 29 8778
83%
0.08 / 0.1 0.8
82%
32 hours = ? minutes 1920
79%
No matching quizzes found
Score Distribution
Percent of People with Each Score
Percentile by Number Answered
Your Score History
You have not taken this quiz since the last reset